| 000 | 00406nam a2200145 a 4500 | ||
|---|---|---|---|
| 005 | 20140414132055.0 | ||
| 008 | 100520s19uu xx 00 eng d | ||
| 050 |
_aREF 540 _bC515 2003 |
||
| 245 | _aChemistry. | ||
| 250 | _aNorth American ed | ||
| 260 |
_aMilwaukee, WI : _bGareth Stevens, _c2003. |
||
| 440 | _aDiscovery Channel school science: physical science | ||
| 650 | _aChemistry | ||
| 999 |
_c114295 _d114295 |
||